| 000 | 00562nam a2200133Ia 4500 | ||
|---|---|---|---|
| 008 | 160809s9999 xx 000 0 und d | ||
| 100 | _aKim, Yu-Ri. | ||
| 245 | _aPERCEPTIONS OF KOREAN PRE-SERVICE SPECIAL EDUCATORS REGARDING TEACHING COMPETENCIES FOR STUDENTS WITH DISABILITIES | ||
| 245 | _cYu-Ri Kim Jiyeon Park Suk-Hyang Lee Ewha Womans University. | ||
| 260 | _bInternational Journal of Special Education | ||
| 260 | _c2015 | ||
| 650 | _xSPECIAL EDUCATION | ||
| 856 | _uhttp://www.internationaljournalofspecialed.com/docs/IJSE%20ENTIRE%20ISSUE%2030%202.pdf | ||
| 999 |
_c300254 _d300254 |
||